| 000 | 00818nam a2200289 u 4500 | ||
|---|---|---|---|
| 003 | UPN | ||
| 005 | 20240418063845.0 | ||
| 008 | 191014s2011 mx a br 000 1 spa d | ||
| 020 | _a9786074005554 | ||
| 035 | _aUPN01000233342 | ||
| 040 |
_aMX-MxUPN _bspa _cMx-MXUPN |
||
| 041 |
_aspa _hfre |
||
| 050 | 4 |
_aPN56 D75 _bD46 2011 |
|
| 100 | 1 |
_aDeneux, Xavier _951261 |
|
| 245 | 1 | 0 | _aMis sueños |
| 246 | 0 | 3 | _aMes rêves |
| 250 | _aPrimera edición | ||
| 260 |
_aMéxico : _bOcéano travesía, _c2011. |
||
| 300 |
_a[16] páginas : _bilustraciones |
||
| 490 | 0 | _aBlanco y negro | |
| 650 | 2 |
_aViajes imaginarios _vLiteratura infantil _924094 |
|
| 650 | 0 |
_951308 _aSueños en la literatura |
|
| 650 | 4 |
_96744 _aCuentos infantiles |
|
| 902 | _bMaríaRobles/010324 | ||
| 942 |
_n0 _2lcc _cLIBRO |
||
| 999 |
_c205437 _d205437 |
||